[Event "Wch U14"]
[Site "Heraklion"]
[Date "2002.11.23"]
[Round "10"]
[White "Bluvshtein, Mark"]
[Black "Zhigalko, Sergei"]
[Result "1-0"]
[WhiteElo "2449"]
[BlackElo "2300"]
[PlyCount "120"]
[EventDate "2002.11.15"]
[EventType "swiss"]
[EventRounds "11"]
[EventCountry "GRE"]
[SourceTitle "CBM 091 Extra"]
[Source "ChessBase"]
[SourceDate "2003.01.09"]
[SourceVersion "1"]
[SourceVersionDate "2003.01.09"]
[SourceQuality "1"]

1. e4 c5 2. Nf3 Nc6 3. d4 cxd4 4. Nxd4 Nf6 5. Nc3 e5 6. Ndb5 d6 7. Bg5 a6 8. Na3 b5 9. Nd5 Be7 10. Bxf6 Bxf6 11. c3 O-O 12. Nc2 Bg5 13. a4 bxa4 14. Rxa4 a5 15. Bb5 Bb7 16. O-O Ne7 17. Nxe7+ Qxe7 18. Qd3 Kh8 19. Rfa1 Qc7 20. Bc4 f5 21. exf5 Qc6 22. Qg3 Rxf5 23. Bf1 Raf8 24. Rxa5 h6 25. Rb5 Rf4 26. Nb4 Qd7 27. Bd3 e4 28. Ra7 Rxf2 29. Rbxb7 Qf5 30. Rf7 Qxf7 31. Rxf7 R2xf7 32. Bc4 Bf4 33. Qe1 Rf5 34. g3 Bg5 35. h4 Bd8 36. Nd5 Re5 37. Nf4 Rf6 38. Kg2 g5 39. hxg5 hxg5 40. Qh1+ Kg7 41. Nh5+ Kg6 42. Nxf6 Bxf6 43. g4 d5 44. Bb3 e3 45. Bc2+ Kg7 46. Bd3 e2 47. Qe1 Re3 48. Bxe2 d4 49. Qd2 Re4 50. cxd4 Rxd4 51. Qc2 Be5 52. Qf5 Bf4 53. Bd3 Rd6 54. b4 Rf6 55. Qh7+ Kf8 56. b5 Rd6 57. Bg6 Rf6 58. Qh8+ Ke7 59. Qg7+ Ke6 60. Bf5+ Rxf5 1-0

[Event "BLR-ch 69th"]
[Site "Minsk"]
[Date "2003.03.01"]
[Round "2"]
[White "Zhigalko, Sergei"]
[Black "Azarov, Sergei Nikolaevich"]
[Result "0-1"]
[WhiteElo "2293"]
[BlackElo "2530"]
[PlyCount "62"]
[EventDate "2003.02.28"]
[EventType "tourn"]
[EventRounds "13"]
[EventCountry "BLR"]
[EventCategory "8"]
[SourceTitle "CBM 093 Extra"]
[Source "ChessBase"]
[SourceDate "2003.05.09"]
[SourceVersion "1"]
[SourceVersionDate "2003.05.09"]
[SourceQuality "1"]

1. d4 Nf6 2. Nf3 e6 3. c4 b6 4. Nc3 Bb7 5. e3 Bb4 6. Bd3 O-O 7. O-O c5 8. Bd2 d5 9. cxd5 exd5 10. dxc5 bxc5 11. a3 Ba5 12. Na4 Bxd2 13. Qxd2 Nbd7 14. Rac1 Ne4 15. Qe2 Qe7 16. Ba6 Bxa6 17. Qxa6 Ndf6 18. Qd3 Rab8 19. Nd2 c4 20. Qd4 Ng5 21. Rc2 Ne6 22. Qh4 Rb7 23. Nf3 Qe8 24. Nc3 Qb8 25. e4 Rxb2 26. Rcc1 d4 27. Nd5 c3 28. Nxf6+ gxf6 29. Qxf6 Qf4 30. Qe7 c2 31. Qxa7 Qxc1 0-1

[Event "BLR-ch 69th"]
[Site "Minsk"]
[Date "2003.03.02"]
[Round "3"]
[White "Surma, Dmitry"]
[Black "Zhigalko, Sergei"]
[Result "1-0"]
[WhiteElo "2383"]
[BlackElo "2293"]
[PlyCount "131"]
[EventDate "2003.02.28"]
[EventType "tourn"]
[EventRounds "13"]
[EventCountry "BLR"]
[EventCategory "8"]
[SourceTitle "CBM 093 Extra"]
[Source "ChessBase"]
[SourceDate "2003.05.09"]
[SourceVersion "1"]
[SourceVersionDate "2003.05.09"]
[SourceQuality "1"]

1. Nf3 d5 2. d4 e6 3. c4 c6 4. Qc2 dxc4 5. Qxc4 Nf6 6. g3 Nbd7 7. Bg2 Bd6 8. O-O O-O 9. Rd1 Qe7 10. Qc2 e5 11. Nc3 Re8 12. b3 h6 13. dxe5 Nxe5 14. Nd4 Bb4 15. a3 Ba5 16. b4 Bc7 17. Na4 Bg4 18. Nc5 Rab8 19. h3 Bc8 20. Bb2 Nfd7 21. Ncb3 Nb6 22. e4 Nec4 23. Bc3 Be5 24. a4 Be6 25. Nc5 a5 26. Ndxe6 fxe6 27. Bxe5 Nxe5 28. bxa5 Nbc4 29. Nb3 Qb4 30. Nd2 Nxa5 31. Rab1 Qa3 32. Kh2 b5 33. Ra1 Qf8 34. axb5 Rxb5 35. f4 Rc5 36. Qb2 Nec4 37. Nxc4 Nxc4 38. Qf2 Rb5 39. Ra7 Re7 40. Ra6 Rc7 41. Qd4 Nb2 42. Rb1 e5 43. fxe5 Rb4 44. Qc3 Rcb7 45. Rf1 Qe7 46. Rxc6 Rb3 47. Rc8+ Kh7 48. Qc5 Qxc5 49. Rxc5 Nd3 50. Rd5 Nb4 51. Rd2 Re7 52. h4 Nc6 53. e6 Rxe6 54. Bh3 Re8 55. Bd7 Rd8 56. Rd5 Rb2+ 57. Kh3 Ne7 58. Bf5+ Nxf5 59. Rxd8 Ne3 60. Re1 Ng2 61. Rf1 Ne3 62. Re1 Ng2 63. Rg1 Ne3 64. h5 Nc4 65. Rf1 Re2 66. Rff8 1-0

[Event "BLR-ch 69th"]
[Site "Minsk"]
[Date "2003.03.03"]
[Round "4"]
[White "Zhigalko, Sergei"]
[Black "Kupreichik, Viktor D"]
[Result "0-1"]
[WhiteElo "2293"]
[BlackElo "2490"]
[PlyCount "55"]
[EventDate "2003.02.28"]
[EventType "tourn"]
[EventRounds "13"]
[EventCountry "BLR"]
[EventCategory "8"]
[SourceTitle "CBM 093 Extra"]
[Source "ChessBase"]
[SourceDate "2003.05.09"]
[SourceVersion "1"]
[SourceVersionDate "2003.05.09"]
[SourceQuality "1"]

1. e4 d6 2. d4 Nf6 3. Nc3 g6 4. h3 Bg7 5. Nf3 O-O 6. Be3 c6 7. a4 b6 8. Qd2 Bb7 9. Bd3 Na6 10. Bh6 Nb4 11. Bxg7 Kxg7 12. O-O Re8 13. Bc4 e5 14. dxe5 dxe5 15. Qe2 Nh5 16. g3 Qe7 17. Nd1 a5 18. Ne3 Nf6 19. c3 Na6 20. Ng4 Nc5 21. Ngxe5 Qc7 22. Nxf7 Rxe4 23. Qd2 Rxc4 24. N3e5 Re4 25. Qh6+ Kg8 26. Qg5 Rxe5 27. Qxf6 Rh5 28. Ng5 0-1

[Event "BLR-ch 69th"]
[Site "Minsk"]
[Date "2003.03.05"]
[Round "6"]
[White "Zhigalko, Sergei"]
[Black "Novitzkij, Dmitrij"]
[Result "1/2-1/2"]
[WhiteElo "2293"]
[BlackElo "2384"]
[PlyCount "119"]
[EventDate "2003.02.28"]
[EventType "tourn"]
[EventRounds "13"]
[EventCountry "BLR"]
[EventCategory "8"]
[SourceTitle "CBM 093 Extra"]
[Source "ChessBase"]
[SourceDate "2003.05.09"]
[SourceVersion "1"]
[SourceVersionDate "2003.05.09"]
[SourceQuality "1"]

1. e4 c6 2. d4 d5 3. e5 Bf5 4. Nd2 e6 5. Nb3 Nd7 6. Nf3 Bg4 7. h3 Bh5 8. Be2 f6 9. exf6 gxf6 10. Bf4 Bg7 11. O-O Ne7 12. Nh4 Bf7 13. Qd2 Ng6 14. Nxg6 hxg6 15. Bd6 e5 16. dxe5 fxe5 17. Na5 Qb6 18. Bg4 O-O-O 19. Nb3 Rh4 20. Qg5 Rxg4 21. Qxg4 c5 22. Bxc5 Qc6 23. Qb4 b6 24. Be7 Re8 25. c3 a5 26. Qh4 a4 27. Nc1 Rh8 28. Qb4 Nc5 29. Ne2 Re8 30. Bh4 Be6 31. b3 Bf8 32. Bg3 Nxb3 33. Qh4 Nxa1 34. Rxa1 Bf5 35. Rd1 Bc5 36. Qh7 Re7 37. Qg8+ Kb7 38. Qxd5 Qxd5 39. Rxd5 Be6 40. Rd2 Bc4 41. Bh4 Re6 42. Bg5 Rd6 43. Rxd6 Bxd6 44. Nc1 Kc6 45. g4 Kd5 46. h4 Ba3 47. h5 gxh5 48. gxh5 Bxc1 49. Bxc1 Bxa2 50. f4 exf4 51. Bxf4 Bb1 52. c4+ Kxc4 53. Kf2 b5 54. Ke1 b4 55. Kd2 Kb3 56. Bd6 Bh7 57. h6 a3 58. Be7 Ka4 59. Kc1 Kb3 60. Bd6 1/2-1/2

[Event "BLR-ch 69th"]
[Site "Minsk"]
[Date "2003.03.06"]
[Round "7"]
[White "Dydyshko, Viacheslav"]
[Black "Zhigalko, Sergei"]
[Result "1/2-1/2"]
[WhiteElo "2536"]
[BlackElo "2293"]
[PlyCount "44"]
[EventDate "2003.02.28"]
[EventType "tourn"]
[EventRounds "13"]
[EventCountry "BLR"]
[EventCategory "8"]
[SourceTitle "CBM 093 Extra"]
[Source "ChessBase"]
[SourceDate "2003.05.09"]
[SourceVersion "1"]
[SourceVersionDate "2003.05.09"]
[SourceQuality "1"]

1. d4 d5 2. c4 dxc4 3. Nf3 Nf6 4. e3 e6 5. Bxc4 c5 6. O-O a6 7. dxc5 Qxd1 8. Rxd1 Bxc5 9. Be2 O-O 10. Ne5 Nbd7 11. Nc4 Nb6 12. Na5 Nbd5 13. a3 b6 14. Nc4 a5 15. b3 Ba6 16. Bb2 Rac8 17. Kf1 Ne4 18. Ncd2 Nxf2 19. Kxf2 Nxe3 20. Rc1 Nc2+ 21. Kf1 Ne3+ 22. Kf2 Nc2+ 1/2-1/2

[Event "BLR-ch 69th"]
[Site "Minsk"]
[Date "2003.03.10"]
[Round "11"]
[White "Zhigalko, Sergei"]
[Black "Kasparov, Sergey"]
[Result "1-0"]
[WhiteElo "2293"]
[BlackElo "2435"]
[PlyCount "177"]
[EventDate "2003.02.28"]
[EventType "tourn"]
[EventRounds "13"]
[EventCountry "BLR"]
[EventCategory "8"]
[SourceTitle "CBM 093 Extra"]
[Source "ChessBase"]
[SourceDate "2003.05.09"]
[SourceVersion "1"]
[SourceVersionDate "2003.05.09"]
[SourceQuality "1"]

1. e4 c5 2. c3 d5 3. exd5 Qxd5 4. d4 Nf6 5. Nf3 e6 6. Be2 cxd4 7. cxd4 Nc6 8. O-O Be7 9. Nc3 Qd6 10. Nb5 Qd8 11. Bf4 Nd5 12. Bg3 a6 13. Nc3 O-O 14. Rc1 Nf6 15. a3 b6 16. Bc4 b5 17. Ba2 b4 18. Na4 Bd7 19. Nc5 bxa3 20. bxa3 Rc8 21. Re1 Bxc5 22. dxc5 Ne7 23. Bd6 Re8 24. Nd4 Nc6 25. Nf3 Ne7 26. Nd4 Nc6 27. Bc4 Nxd4 28. Qxd4 Bb5 29. Bxb5 axb5 30. Rc3 Nd5 31. Rg3 f6 32. h4 Qd7 33. Rb1 Ra8 34. Qd3 Ra5 35. h5 Rea8 36. h6 g5 37. Rb3 Ra4 38. Qxb5 Qxb5 39. Rxb5 Kf7 40. Rb7+ Kg6 41. Rh3 Rxa3 42. Rg7+ Kf5 43. Rxa3 Rxa3 44. Rxh7 Kg6 45. Rh8 Rc3 46. g3 Rc1+ 47. Kg2 Rc2 48. Kf3 f5 49. Re8 Kxh6 50. Rxe6+ Kh5 51. Re5 Nf6 52. Rxf5 Ng4 53. Ke4 Nxf2+ 54. Kd5 Rd2+ 55. Ke6 Ne4 56. Re5 Nxc5+ 57. Rxc5 Kg4 58. Rc4+ Kh3 59. Be5 g4 60. Kf5 Rd8 61. Rc6 Rd5 62. Rg6 Ra5 63. Rg5 Ra4 64. Rg8 Ra5 65. Rb8 Ra4 66. Rb1 Rc4 67. Re1 Ra4 68. Re4 Ra5 69. Kf4 Ra3 70. Re1 Ra4+ 71. Ke3 Ra3+ 72. Kf2 Ra2+ 73. Re2 Ra3 74. Kg1 Ra2 75. Rf2 Re2 76. Rf5 Rg2+ 77. Kf1 Rg1+ 78. Kf2 Rg2+ 79. Ke3 Ra2 80. Rh5+ Kg2 81. Kf4 Ra4+ 82. Kg5 Kf3 83. Kh4 Re4 84. Rf5+ Kg2 85. Bf4 Kf3 86. Bg5+ Kg2 87. Rf4 Re3 88. Rf2+ Kh1 89. Bxe3 1-0

[Event "BLR-ch 69th"]
[Site "Minsk"]
[Date "2003.03.11"]
[Round "12"]
[White "Kovalev, Andrei"]
[Black "Zhigalko, Sergei"]
[Result "0-1"]
[WhiteElo "2539"]
[BlackElo "2293"]
[PlyCount "93"]
[EventDate "2003.02.28"]
[EventType "tourn"]
[EventRounds "13"]
[EventCountry "BLR"]
[EventCategory "8"]
[SourceTitle "CBM 093 Extra"]
[Source "ChessBase"]
[SourceDate "2003.05.09"]
[SourceVersion "1"]
[SourceVersionDate "2003.05.09"]
[SourceQuality "1"]

1. e4 c5 2. Nf3 Nc6 3. Bb5 Qc7 4. O-O a6 5. Bxc6 dxc6 6. a4 Nf6 7. Nc3 a5 8. e5 Nd5 9. Ne4 Bg4 10. Nxc5 Bxf3 11. Qxf3 Qxe5 12. Nxb7 e6 13. c4 Nb4 14. d4 Qxd4 15. Be3 Qxc4 16. Qg3 Nd5 17. Nxa5 Rxa5 18. Qb8+ Ke7 19. Bg5+ f6 20. Bd2 Qa6 21. Bxa5 Qxa5 22. Rfc1 Kd7 23. b4 Qc7 24. Qa8 Qxh2+ 25. Kxh2 Bd6+ 26. g3 Rxa8 27. b5 cxb5 28. axb5 Rb8 29. Ra7+ Nc7 30. Rb1 Rb6 31. Kg2 h5 32. Kf3 g5 33. Ke4 h4 34. gxh4 gxh4 35. f4 h3 36. f5 exf5+ 37. Kf3 h2 38. Kg2 Be5 39. Kh1 Kc8 40. Kg2 Kb8 41. Ra3 Kb7 42. Rab3 Ne6 43. Kh1 Ng5 44. Ra3 Ne4 45. Kg2 Rd6 46. Rh3 Rd2+ 47. Kf3 0-1

[Event "BLR-ch 69th"]
[Site "Minsk"]
[Date "2003.03.12"]
[Round "13"]
[White "Zhigalko, Sergei"]
[Black "Zhigalko, Andrey"]
[Result "1/2-1/2"]
[WhiteElo "2293"]
[BlackElo "2450"]
[PlyCount "26"]
[EventDate "2003.02.28"]
[EventType "tourn"]
[EventRounds "13"]
[EventCountry "BLR"]
[EventCategory "8"]
[SourceTitle "CBM 093 Extra"]
[Source "ChessBase"]
[SourceDate "2003.05.09"]
[SourceVersion "1"]
[SourceVersionDate "2003.05.09"]
[SourceQuality "1"]

1. e4 e5 2. Nf3 d6 3. d4 exd4 4. Nxd4 Nf6 5. Nc3 Be7 6. Be2 O-O 7. O-O Re8 8. f4 Bf8 9. Bf3 Na6 10. Re1 c6 11. Be3 d5 12. e5 c5 13. exf6 Rxe3 1/2-1/2

[Event "Pardubice KB Czech op"]
[Site "Pardubice"]
[Date "2003.07.22"]
[Round "5"]
[White "Zhigalko, Sergei"]
[Black "Holzke, Frank"]
[Result "1/2-1/2"]
[WhiteElo "2399"]
[BlackElo "2477"]
[PlyCount "86"]
[EventDate "2003.07.18"]
[EventType "swiss"]
[EventRounds "9"]
[EventCountry "CZE"]
[SourceTitle "CBM 095 Extra"]
[Source "ChessBase"]
[SourceDate "2003.09.04"]
[SourceVersion "1"]
[SourceVersionDate "2003.09.04"]
[SourceQuality "1"]

1. e4 e5 2. Nf3 Nc6 3. Bb5 a6 4. Ba4 Nf6 5. O-O Nxe4 6. d4 b5 7. Bb3 d5 8. dxe5 Be6 9. Nbd2 Be7 10. c3 O-O 11. Bc2 Nxd2 12. Bxd2 d4 13. Qb1 dxc3 14. Bxc3 h6 15. Bh7+ Kh8 16. Be4 Qe8 17. Bd2 f5 18. exf6 Bxf6 19. Qc2 Bc4 20. Rfe1 Rd8 21. Bc3 Nd4 22. Bxd4 Bxd4 23. Nxd4 Rxd4 24. b3 Bg8 25. Rac1 Qd8 26. Qxc7 Qxc7 27. Rxc7 Rd2 28. Rc2 Rfxf2 29. Rc8 Rf6 30. Bf3 Kh7 31. Re7 Re6 32. Be4+ Rxe4 33. Rxe4 Rxa2 34. Rc7 Ra1+ 35. Kf2 Ra2+ 36. Kg1 Ra1+ 37. Kf2 Ra2+ 38. Kf1 Ra1+ 39. Re1 Rxe1+ 40. Kxe1 Bxb3 41. Ra7 b4 42. Rxa6 Bc2 43. Rb6 b3 1/2-1/2

[Event "EU-ch U14"]
[Site "Budva"]
[Date "2003.09.14"]
[Round "2"]
[White "Bitalzadeh, Ali"]
[Black "Zhigalko, Sergei"]
[Result "1/2-1/2"]
[WhiteElo "2181"]
[BlackElo "2399"]
[PlyCount "96"]
[EventDate "2003.09.13"]
[EventType "swiss"]
[EventRounds "9"]
[EventCountry "YUG"]
[SourceTitle "CBM 096 Extra"]
[Source "ChessBase"]
[SourceDate "2003.10.22"]
[SourceVersion "2"]
[SourceVersionDate "2003.10.20"]
[SourceQuality "1"]

1. e4 c5 2. Nf3 Nc6 3. d4 cxd4 4. Nxd4 Nf6 5. Nc3 e5 6. Ndb5 d6 7. Bg5 a6 8. Na3 b5 9. Nd5 Be7 10. Bxf6 Bxf6 11. c3 O-O 12. Nc2 Bg5 13. a4 bxa4 14. Rxa4 a5 15. Bb5 Bb7 16. O-O Ne7 17. Nxe7+ Qxe7 18. Qd3 Kh8 19. Rfa1 Qc7 20. Bc4 Bc6 21. R4a2 f5 22. exf5 Qb7 23. Qh3 Be4 24. Bd3 Rxf5 25. Rxa5 Rxa5 26. Rxa5 Rf8 27. Ra1 Bxd3 28. Qxd3 Qxb2 29. Rf1 d5 30. Ne3 d4 31. cxd4 exd4 32. Nd5 Bh6 33. g3 g6 34. Qe4 Bg7 35. Nf4 Qb5 36. Re1 Qa5 37. Rb1 Qe5 38. Qxe5 Bxe5 39. Nd3 Bg7 40. Kf1 Kg8 41. Ke2 Ra8 42. Kf3 Ra7 43. Re1 Ra3 44. Ke4 Ra2 45. Rb1 Re2+ 46. Kf3 Rd2 47. Ke4 Re2+ 48. Kf3 Rd2 1/2-1/2

[Event "EU-ch U14"]
[Site "Budva"]
[Date "2003.09.16"]
[Round "4"]
[White "Vernay, Clovis"]
[Black "Zhigalko, Sergei"]
[Result "1/2-1/2"]
[WhiteElo "2097"]
[BlackElo "2399"]
[PlyCount "129"]
[EventDate "2003.09.13"]
[EventType "swiss"]
[EventRounds "9"]
[EventCountry "YUG"]
[SourceTitle "CBM 096 Extra"]
[Source "ChessBase"]
[SourceDate "2003.10.22"]
[SourceVersion "2"]
[SourceVersionDate "2003.10.20"]
[SourceQuality "1"]

1. d4 Nf6 2. c4 e6 3. Nc3 Bb4 4. Qb3 c5 5. e3 O-O 6. Bd2 d6 7. Bd3 Nc6 8. Nge2 d5 9. cxd5 exd5 10. dxc5 Bxc5 11. O-O Ne5 12. Qc2 b6 13. Na4 Be7 14. Nd4 Nxd3 15. Qxd3 Bd7 16. Nc3 Qc8 17. Rac1 Qb7 18. Rfd1 Rfd8 19. f3 Rac8 20. Be1 a6 21. Nf5 Bxf5 22. Qxf5 Bc5 23. Bf2 b5 24. Ne2 Re8 25. Rc3 b4 26. Rcd3 Bd6 27. Bg3 Bxg3 28. Nxg3 Qb6 29. Rd4 Rc4 30. Nf1 h6 31. Qd3 Qc5 32. b3 Rxd4 33. Qxd4 Rc8 34. Kf2 Qb5 35. Qd3 Qa5 36. Rd2 Rc3 37. Qd4 Qb5 38. Ng3 Rc1 39. Ne2 Rc8 40. Nf4 Rc1 41. Nd3 Rh1 42. Qxb4 Qc6 43. Qc5 Qd7 44. Nf4 Qf5 45. Rc2 Qg5 46. Qa5 Kh7 47. Rc8 Qh4+ 48. Ke2 g5 49. Nh3 Rxh2 50. Qc7 Rxg2+ 51. Kf1 Qh5 52. Kxg2 g4 53. fxg4 Qxg4+ 54. Kh2 Qe2+ 55. Kg1 Qg4+ 56. Kf2 Kg7 57. Qc3 Qxh3 58. Rc6 Qh2+ 59. Ke1 Qg1+ 60. Ke2 Qg2+ 61. Kd1 d4 62. exd4 Ne4 63. Qe3 Nf2+ 64. Ke1 Qxc6 65. Kxf2 1/2-1/2

[Event "EU-ch U14"]
[Site "Budva"]
[Date "2003.09.17"]
[Round "5"]
[White "Zhigalko, Sergei"]
[Black "Olszewski, Michal"]
[Result "1-0"]
[WhiteElo "2399"]
[BlackElo "2227"]
[PlyCount "85"]
[EventDate "2003.09.13"]
[EventType "swiss"]
[EventRounds "9"]
[EventCountry "YUG"]
[SourceTitle "CBM 096 Extra"]
[Source "ChessBase"]
[SourceDate "2003.10.22"]
[SourceVersion "2"]
[SourceVersionDate "2003.10.20"]
[SourceQuality "1"]

1. e4 e5 2. Nf3 Nc6 3. Bb5 a6 4. Ba4 Nf6 5. O-O b5 6. Bb3 Be7 7. Re1 d6 8. c3 O-O 9. h3 Na5 10. Bc2 c5 11. d4 Nd7 12. Nbd2 exd4 13. cxd4 Nc6 14. d5 Nce5 15. Nh2 Nb6 16. Ndf1 f5 17. exf5 Bxf5 18. Bxf5 Rxf5 19. Ng3 Rf7 20. Ng4 Nxg4 21. hxg4 Bf6 22. Nf5 Qd7 23. Re6 Be5 24. f4 Rxf5 25. gxf5 Bd4+ 26. Be3 Bxb2 27. Rb1 Bf6 28. g4 Qb7 29. g5 Bc3 30. Qd3 Qxd5 31. Rd1 Qf3 32. Bf2 Qg4+ 33. Kf1 c4 34. Qe2 Qxe2+ 35. Kxe2 Ba5 36. Rexd6 Na4 37. Bd4 Re8+ 38. Re6 Rd8 39. Be5 Rxd1 40. Kxd1 Nc5 41. Re7 g6 42. f6 Nd3 43. Rg7+ 1-0

[Event "EU-ch U14"]
[Site "Budva"]
[Date "2003.09.19"]
[Round "6"]
[White "Zhigalko, Sergei"]
[Black "Bindrich, Falko"]
[Result "1-0"]
[WhiteElo "2399"]
[BlackElo "2334"]
[PlyCount "117"]
[EventDate "2003.09.13"]
[EventType "swiss"]
[EventRounds "9"]
[EventCountry "YUG"]
[SourceTitle "CBM 096 Extra"]
[Source "ChessBase"]
[SourceDate "2003.10.22"]
[SourceVersion "2"]
[SourceVersionDate "2003.10.20"]
[SourceQuality "1"]

1. e4 c5 2. c3 Qa5 3. Nf3 Nc6 4. Na3 e6 5. e5 f6 6. exf6 Nxf6 7. Be2 Be7 8. O-O O-O 9. Nc2 Qc7 10. d4 b6 11. Bg5 Ng4 12. g3 Nf6 13. Na3 a6 14. Bf4 d6 15. Re1 Nd5 16. Bg5 Bb7 17. Bxe7 Qxe7 18. dxc5 bxc5 19. Nc4 Rad8 20. Bf1 Rf5 21. Bh3 Rf6 22. Ng5 Nc7 23. f4 d5 24. Ne5 c4 25. Nxc6 Bxc6 26. Qd4 h6 27. Nf3 Ba4 28. Qe3 Bc2 29. Nd4 Ba4 30. f5 Re8 31. Nxe6 Bc2 32. Qb6 Nxe6 33. Rxe6 Rxe6 34. fxe6 Qg5 35. Qd4 Bf5 36. Bg2 Bxe6 37. Re1 Rb8 38. Rxe6 Qc1+ 39. Kf2 Rf8+ 40. Bf3 Qh1 41. Qxd5 Qxh2+ 42. Ke3 Kh8 43. Qd4 Qg1+ 44. Ke2 Qc1 45. Qe3 Qxb2+ 46. Ke1 Qb1+ 47. Bd1 Qb5 48. Qe5 Qb2 49. Rxh6+ Kg8 50. Qe6+ Rf7 51. Qe8+ Rf8 52. Rh8+ Kxh8 53. Qxf8+ Kh7 54. Qf5+ Kh8 55. Qc8+ Kh7 56. Qxc4 Qg2 57. Qh4+ Kg8 58. Bb3+ Kf8 59. Qd8# 1-0

[Event "EU-ch U14"]
[Site "Budva"]
[Date "2003.09.21"]
[Round "8"]
[White "Potapov, Pavel"]
[Black "Zhigalko, Sergei"]
[Result "0-1"]
[WhiteElo "2210"]
[BlackElo "2399"]
[PlyCount "152"]
[EventDate "2003.09.13"]
[EventType "swiss"]
[EventRounds "9"]
[EventCountry "YUG"]
[SourceTitle "CBM 096 Extra"]
[Source "ChessBase"]
[SourceDate "2003.10.22"]
[SourceVersion "2"]
[SourceVersionDate "2003.10.20"]
[SourceQuality "1"]

1. e4 c5 2. Nf3 Nc6 3. d4 cxd4 4. Nxd4 Nf6 5. Nc3 e5 6. Nf5 d5 7. exd5 Bxf5 8. dxc6 bxc6 9. Qf3 Qd7 10. Bg5 Be7 11. Bxf6 Bxf6 12. Ne4 Be7 13. Bc4 O-O 14. O-O Bg6 15. Rad1 Qb7 16. b3 Kh8 17. Nd6 Qc7 18. Nf5 Bc5 19. h4 Rae8 20. Bd3 h5 21. Be4 Re6 22. Qe2 Qb6 23. Rd3 Rf6 24. Rf3 a5 25. Ng3 Rf4 26. Bxg6 fxg6 27. Qxe5 Rxf3 28. gxf3 Rxf3 29. Ne4 Bf8 30. Ng5 Rf5 31. Qe3 Qb4 32. c4 Be7 33. Rd1 Bxg5 34. hxg5 Qf8 35. Kg2 Kh7 36. Rd7 Rf4 37. f3 Rf5 38. Rd2 Qa3 39. Re2 Qd6 40. Rd2 Qa3 41. Re2 Qd6 42. Rd2 Qc7 43. Rd1 Re5 44. Rd7 Qxd7 45. Qxe5 Qd2+ 46. Kg3 Qxa2 47. Qe3 Qb1 48. Kg2 Qd1 49. Qc3 Qd8 50. Qe3 Qd6 51. Kh3 Qd7+ 52. Kg2 Qf5 53. Kg3 Qc2 54. Kh3 Qa2 55. Kg3 Qb2 56. Kh3 Qa3 57. Qb6 a4 58. bxa4 Qxf3+ 59. Kh2 Qf4+ 60. Kh1 Qh4+ 61. Kg2 Qxg5+ 62. Kh2 Qf4+ 63. Kg2 Qe4+ 64. Kg3 Qd3+ 65. Kh2 Qc2+ 66. Kg3 Qxa4 67. Qc5 Qa8 68. Kh2 Qe8 69. Kg3 Qe4 70. Kh2 Qf3 71. Kg1 h4 72. Qd4 Qg3+ 73. Kh1 h3 74. Qd2 Qg2+ 75. Qxg2 hxg2+ 76. Kxg2 Kh6 0-1

[Event "EU-Cup 19th"]
[Site "Rethymno"]
[Date "2003.09.28"]
[Round "1.3"]
[White "Zhigalko, Sergei"]
[Black "Cast, Abigail"]
[Result "1-0"]
[WhiteElo "2399"]
[BlackElo "2104"]
[PlyCount "71"]
[EventDate "2003.09.28"]
[EventType "team-swiss"]
[EventRounds "7"]
[EventCountry "GRE"]
[SourceTitle "CBM 098"]
[Source "ChessBase"]
[SourceDate "2004.02.03"]
[SourceVersion "1"]
[SourceVersionDate "2004.02.03"]
[SourceQuality "1"]
[WhiteTeam "Minsk Vesnianka"]
[BlackTeam "Nidum Liberals"]
[WhiteTeamCountry "BLR"]
[BlackTeamCountry "WLS"]

1. e4 e6 2. d4 d5 3. e5 c5 4. c3 Nc6 5. Nf3 Qb6 6. a3 cxd4 7. cxd4 Bd7 8. b4 Nge7 9. Nc3 Nf5 10. Na4 Qc7 11. Bb2 Rc8 12. Rc1 Qb8 13. Bd3 g6 14. g4 Ng7 15. O-O Be7 16. Nc5 h5 17. h3 a6 18. Kg2 Na7 19. Nxd7 Kxd7 20. Bc3 Nc6 21. Qd2 b5 22. Rc2 a5 23. bxa5 Bxa3 24. Rb1 b4 25. Bb2 Bxb2 26. Rbxb2 hxg4 27. hxg4 Rc7 28. Rc5 Qg8 29. Qf4 Qh7 30. Kf1 Qh1+ 31. Ng1 Rh2 32. Qxf7+ Kd8 33. Qf6+ Kc8 34. Qf8+ Kb7 35. Rxb4+ Ka7 36. Rxc6 1-0